Stanley-Cup Sieger (NHL - Eishockey) - Statistiken

Allgemein
  • Dieses Quiz wurde 482 mal gespielt
  • Das Durchschnittsergebnis liegt bei 14 aus 24
Antwortstatistiken
Wins Team % Korrekt
5 Edmonton Oilers
87%
2 Florida Panthers
86%
2 Los Angeles Kings
75%
5 Pittsburgh Penguins
75%
6 Boston Bruins
73%
4 New York Rangers
73%
3 Tampa Bay Lightning
71%
3 Colorado Avalanche
70%
1 Washington Capitals
70%
22 Canadiens de Montréal
69%
11 Toronto Maple Leafs
67%
6 Chicago Blackhawks
66%
4 New York Islanders
65%
11 Detroit Red Wings
64%
1 Anaheim Ducks
57%
1 Dallas Stars
56%
1 Vegas Golden Knights
52%
1 St. Louis Blues
51%
3 New Jersey Devils
50%
1 Ottawa Senators
44%
1 Calgary Flames
43%
1 Carolina Hurricanes
40%
2 Philadelphia Flyers
36%
1 Montreal Maroons
7%
Keine übereinstimmenden Quizze gefunden
Verteilung der Resultate
Anzahl Personen mit jedem Resultat
Perzentil nach korrekt beantworteten Fragen
Ihre Resultats-Entwicklung
Sie haben dieses Quiz noch nicht gespielt